<?xml version="1.0" encoding="UTF-8"?>
<collection xmlns="http://www.loc.gov/MARC21/slim">
 <record>
  <leader>04326nam a22005415i 4500</leader>
  <controlfield tag="001">978-3-540-78604-7</controlfield>
  <controlfield tag="003">DE-He213</controlfield>
  <controlfield tag="005">20210625014247.0</controlfield>
  <controlfield tag="007">cr nn 008mamaa</controlfield>
  <controlfield tag="008">100301s2008    gw |    s    |||| 0|eng d</controlfield>
  <datafield tag="020" ind1=" " ind2=" ">
   <subfield code="a">9783540786047</subfield>
   <subfield code="9">978-3-540-78604-7</subfield>
  </datafield>
  <datafield tag="024" ind1="7" ind2=" ">
   <subfield code="a">10.1007/978-3-540-78604-7</subfield>
   <subfield code="2">doi</subfield>
  </datafield>
  <datafield tag="050" ind1=" " ind2="4">
   <subfield code="a">QA75.5-76.95</subfield>
  </datafield>
  <datafield tag="072" ind1=" " ind2="7">
   <subfield code="a">UY</subfield>
   <subfield code="2">bicssc</subfield>
  </datafield>
  <datafield tag="072" ind1=" " ind2="7">
   <subfield code="a">COM037000</subfield>
   <subfield code="2">bisacsh</subfield>
  </datafield>
  <datafield tag="072" ind1=" " ind2="7">
   <subfield code="a">UY</subfield>
   <subfield code="2">thema</subfield>
  </datafield>
  <datafield tag="082" ind1="0" ind2="4">
   <subfield code="a">004.0151</subfield>
   <subfield code="2">23</subfield>
  </datafield>
  <datafield tag="245" ind1="1" ind2="0">
   <subfield code="a">Evolutionary Computation in Combinatorial Optimization</subfield>
   <subfield code="h">[electronic resource] :</subfield>
   <subfield code="b">8th European Conference, EvoCOP 2008, Naples, Italy, March 26-28, 2008, Proceedings /</subfield>
   <subfield code="c">edited by Jano van Hemert, Carlos Cotta.</subfield>
  </datafield>
  <datafield tag="250" ind1=" " ind2=" ">
   <subfield code="a">1st ed. 2008.</subfield>
  </datafield>
  <datafield tag="264" ind1=" " ind2="1">
   <subfield code="a">Berlin, Heidelberg :</subfield>
   <subfield code="b">Springer Berlin Heidelberg :</subfield>
   <subfield code="b">Imprint: Springer,</subfield>
   <subfield code="c">2008.</subfield>
  </datafield>
  <datafield tag="300" ind1=" " ind2=" ">
   <subfield code="a">XII, 292 p.</subfield>
   <subfield code="b">online resource.</subfield>
  </datafield>
  <datafield tag="336" ind1=" " ind2=" ">
   <subfield code="a">text</subfield>
   <subfield code="b">txt</subfield>
   <subfield code="2">rdacontent</subfield>
  </datafield>
  <datafield tag="337" ind1=" " ind2=" ">
   <subfield code="a">computer</subfield>
   <subfield code="b">c</subfield>
   <subfield code="2">rdamedia</subfield>
  </datafield>
  <datafield tag="338" ind1=" " ind2=" ">
   <subfield code="a">online resource</subfield>
   <subfield code="b">cr</subfield>
   <subfield code="2">rdacarrier</subfield>
  </datafield>
  <datafield tag="347" ind1=" " ind2=" ">
   <subfield code="a">text file</subfield>
   <subfield code="b">PDF</subfield>
   <subfield code="2">rda</subfield>
  </datafield>
  <datafield tag="490" ind1="1" ind2=" ">
   <subfield code="a">Theoretical Computer Science and General Issues ;</subfield>
   <subfield code="v">4972</subfield>
  </datafield>
  <datafield tag="505" ind1="0" ind2=" ">
   <subfield code="a">Adaptive Tabu Tenure Computation in Local Search -- A Conflict Tabu Search Evolutionary Algorithm for Solving Constraint Satisfaction Problems -- Cooperative Particle Swarm Optimization for the Delay Constrained Least Cost Path Problem -- Effective Neighborhood Structures for the Generalized Traveling Salesman Problem -- Efficient Local Search Limitation Strategies for Vehicle Routing Problems -- Evolutionary Local Search for the Minimum Energy Broadcast Problem -- Exploring Multi-objective PSO and GRASP-PR for Rule Induction -- An Extended Beam-ACO Approach to the Time and Space Constrained Simple Assembly Line Balancing Problem -- Graph Colouring Heuristics Guided by Higher Order Graph Properties -- A Hybrid Column Generation Approach for the Berth Allocation Problem -- Hybrid Metaheuristic for the Prize Collecting Travelling Salesman Problem -- An ILS Based Heuristic for the Vehicle Routing Problem with Simultaneous Pickup and Delivery and Time Limit -- An Immune Genetic Algorithm Based on Bottleneck Jobs for the Job Shop Scheduling Problem -- Improved Construction Heuristics and Iterated Local Search for the Routing and Wavelength Assignment Problem -- Improving Metaheuristic Performance by Evolving a Variable Fitness Function -- Improving Query Expansion with Stemming Terms: A New Genetic Algorithm Approach -- Inc*: An Incremental Approach for Improving Local Search Heuristics -- Metaheuristics for the Bi-objective Ring Star Problem -- Multiobjective Prototype Optimization with Evolved Improvement Steps -- Optimising Multiple Kernels for SVM by Genetic Programming -- Optimization of Menu Layouts by Means of Genetic Algorithms -- A Path Relinking Approach with an Adaptive Mechanism to Control Parameters for the Vehicle Routing Problem with Time Windows -- Reactive Stochastic Local Search Algorithms for the Genomic Median Problem -- Solving Graph Coloring Problems Using Learning Automata.</subfield>
  </datafield>
  <datafield tag="650" ind1=" " ind2="0">
   <subfield code="a">Computers.</subfield>
  </datafield>
  <datafield tag="650" ind1=" " ind2="0">
   <subfield code="a">Algorithms.</subfield>
  </datafield>
  <datafield tag="650" ind1=" " ind2="0">
   <subfield code="a">Numerical analysis.</subfield>
  </datafield>
  <datafield tag="650" ind1=" " ind2="0">
   <subfield code="a">Computer science—Mathematics.</subfield>
  </datafield>
  <datafield tag="650" ind1="1" ind2="4">
   <subfield code="a">Computation by Abstract Devices.</subfield>
   <subfield code="0">https://scigraph.springernature.com/ontologies/product-market-codes/I16013</subfield>
  </datafield>
  <datafield tag="650" ind1="2" ind2="4">
   <subfield code="a">Algorithm Analysis and Problem Complexity.</subfield>
   <subfield code="0">https://scigraph.springernature.com/ontologies/product-market-codes/I16021</subfield>
  </datafield>
  <datafield tag="650" ind1="2" ind2="4">
   <subfield code="a">Numeric Computing.</subfield>
   <subfield code="0">https://scigraph.springernature.com/ontologies/product-market-codes/I1701X</subfield>
  </datafield>
  <datafield tag="650" ind1="2" ind2="4">
   <subfield code="a">Discrete Mathematics in Computer Science.</subfield>
   <subfield code="0">https://scigraph.springernature.com/ontologies/product-market-codes/I17028</subfield>
  </datafield>
  <datafield tag="700" ind1="1" ind2=" ">
   <subfield code="a">van Hemert, Jano.</subfield>
   <subfield code="e">editor.</subfield>
   <subfield code="4">edt</subfield>
   <subfield code="4">http://id.loc.gov/vocabulary/relators/edt</subfield>
  </datafield>
  <datafield tag="700" ind1="1" ind2=" ">
   <subfield code="a">Cotta, Carlos.</subfield>
   <subfield code="e">editor.</subfield>
   <subfield code="4">edt</subfield>
   <subfield code="4">http://id.loc.gov/vocabulary/relators/edt</subfield>
  </datafield>
  <datafield tag="710" ind1="2" ind2=" ">
   <subfield code="a">SpringerLink (Online service)</subfield>
  </datafield>
  <datafield tag="773" ind1="0" ind2=" ">
   <subfield code="t">Springer Nature eBook</subfield>
  </datafield>
  <datafield tag="776" ind1="0" ind2="8">
   <subfield code="i">Printed edition:</subfield>
   <subfield code="z">9783540849339</subfield>
  </datafield>
  <datafield tag="776" ind1="0" ind2="8">
   <subfield code="i">Printed edition:</subfield>
   <subfield code="z">9783540786030</subfield>
  </datafield>
  <datafield tag="830" ind1=" " ind2="0">
   <subfield code="a">Theoretical Computer Science and General Issues ;</subfield>
   <subfield code="v">4972</subfield>
  </datafield>
  <datafield tag="856" ind1="4" ind2="0">
   <subfield code="u">https://doi.org/10.1007/978-3-540-78604-7</subfield>
  </datafield>
  <datafield tag="912" ind1=" " ind2=" ">
   <subfield code="a">ZDB-2-SCS</subfield>
  </datafield>
  <datafield tag="912" ind1=" " ind2=" ">
   <subfield code="a">ZDB-2-SXCS</subfield>
  </datafield>
  <datafield tag="912" ind1=" " ind2=" ">
   <subfield code="a">ZDB-2-LNC</subfield>
  </datafield>
  <datafield tag="950" ind1=" " ind2=" ">
   <subfield code="a">Computer Science (SpringerNature-11645)</subfield>
  </datafield>
  <datafield tag="950" ind1=" " ind2=" ">
   <subfield code="a">Computer Science (R0) (SpringerNature-43710)</subfield>
  </datafield>
 </record>
</collection>
